000 00813cam a22002293a 4500
001 290
003 PGUSA
005 20140828082946.0
008 950701s1995||||xxu|||||s|||||000 1 eng d
040 _aPGUSA
_beng
042 _adc
050 4 _aPR
100 1 _aDoyle, Arthur Conan,
_d1859-1930
245 1 4 _aThe Stark Munro Letters :
_bBeing series of twelve letters written by J. Stark Munro, M.B., to his friend and former fellow-student, Herbert Swanborough, of Lowell, Massachusetts, during the years 1881-1884
_h[electronic resource] /
_cArthur Conan Doyle
260 _bProject Gutenberg,
_c1995
506 _aPublic domain in the USA.
516 _aElectronic text
653 _aEpistolary fiction
830 0 _aProject Gutenberg
_v290
856 4 0 _uhttp://www.gutenberg.org/ebooks/290
942 _cEB
999 _c229641
_d229641